| 000 | 01117nam a2200229Ia 4500 | ||
|---|---|---|---|
| 999 |
_c36859 _d36859 |
||
| 001 | 2808 | ||
| 003 | GE_BSU | ||
| 005 | 20190507154210.0 | ||
| 008 | 181216s1996||||ge |||||||||||||| ||geo|| | ||
| 040 | _cGE_BSU | ||
| 041 | _ageo | ||
| 080 | _a339 თ–68 | ||
| 100 |
_aთოდუა,გრიგოლ _9900 |
||
| 245 |
_aადამ სმითი და თანამედროვე საერთაშორისო ეკონომიკის აქტუალური საკითხები / _cგრიგოლ თოდუა ; რედ : შოთა ვეშაპიძე |
||
| 264 |
_aთბილისი . : _bსოც.–ეკონ. ინ–ტი, _c2000. |
||
| 300 |
_a92 გვ .; _c19 სმ. |
||
| 653 | _aადამ სმითი | ||
| 653 | _aთანამედროვე საერთაშორისო ეკონომიკის აქტუალური საკითხები | ||
| 653 | _aეკონომიკა | ||
| 700 |
_aვეშაპიძე, შოთა _eრედაქტორი _9879 |
||
| 942 |
_cBK _2udc |
||